MESTSKÁ KNIŽNICA GIRALTOVCE  - online katalóg 

Gang obrancov Zeme (Record no. 15268)

000 -NÁVESTIE
fixed length control field 00797nam a2200277 a 4500
008 - ÚDAJE S PEVNOU DĹŽKOU – VŠEOBECNÉ INFORMÁCIE
fixed length control field 951127s1994 ---xo ra 0 slo c
020 ## - MEDZINÁRODNÉ ŠTANDARDNÉ ČÍSLO KNIHY (ISBN)
Medzinárodné štandardné číslo knihy (ISBN) 8088699045
Údaje o dostupnosti 10
040 ## - ZDROJ KATALOGIZÁCIE
Pôvodná katalogizujúca agentúra SNK
Jazyk katalogizácie slo
Prepisujúca agentúra SNK
Konvencie popisu AACR2
041 1# - KÓD JAZYKA
Kód jazyka textu/zvukovej stopy alebo samostatných nápisov slo
Kód jazyka originálu a/alebo sprostredkujúcich prekladov textu eng
044 ## - KÓD KRAJINY VYDAVATEĽA/PRODUCENTA
Kód krajiny MARC xo
Kód krajiny ISO SK
080 ## - ČÍSLO MEDZINÁRODNÉHO DESATINNÉHO TRIEDENIA (MDT)
Číslo Medzinárodného desatinného triedenia (MDT) 820 (73)-3
100 1# - OSOBNÉ MENÁ – VŠEOBECNÉ INFORMÁCIE
Osobné meno Abbey, Edward
Kód roly aut
245 10 - NÁZOV
Názov Gang obrancov Zeme
Údaj o zodpovednosti atď. Edward Abbey
250 ## - ÚDAJ O PORADÍ VYDANIA
Údaj o poradí vydania 1. vyd.
260 ## - VYDAVATEĽSKÉ ÚDAJE, DISTRIBÚCIA ATĎ.
Miesto publikovania, distribúcie atď. Tulčík
Názov vydavateľa, distibútora atď. Abies
Dátum publikovania, distribúcie atď. 1994
300 ## - FYZICKÝ POPIS
Rozsah 346 s.
Rozmery 21 cm
490 1# - EDÍCIA
Edícia Ekofilozofia
Zväzok/sekvenčné označenie 7
500 ## - VŠEOBECNÁ POZNÁMKA
Formátovaná poznámka o obsahu Z amer. orig. prel. Ján Dulla
650 07 - PRIDANÝ VSTUP – PREDMET – TEMATICKÉ HESLO
Tematické heslo alebo geografický názov ako vstupný prvok literatúra americká
Všeobecný pododdiel romány spoločenské
Zdroj hesla alebo termínu SNK
650 07 - PRIDANÝ VSTUP – PREDMET – TEMATICKÉ HESLO
Tematické heslo alebo geografický názov ako vstupný prvok romány spoločenské
Všeobecný pododdiel literatúra americká
Zdroj hesla alebo termínu SNK
700 1# - PRIDANÝ VSTUP – OSOBNÉ MENO
Osobné meno Dulla, Ján
Kód roly trl
700 1# - PRIDANÝ VSTUP – OSOBNÉ MENO
Osobné meno Vicová, Lucia
Kód roly bjd
760 1# -
-- Ekofilozofiag7
765 0# - VÄZBA NA PÔVODNÝ JAZYK
Názov The Monkey Wrench Gang
958 ## - Formálny deskriptor
Formálny deskriptor AUL
Holdings
Stav stiahnutia (Blokovanie) (Withrawn status) Stav straty Stav poškodenia (Damaged status) Nie pre výpožičky (Not for loan) Spôsob nadobudnutia (Collection code) Trvalé umiestnenie Aktuálne umiestnenie Dátum nadobudnutia Náklady, bežná kúpna cena Inventárne číslo (prírastkové číslo) Full call number Dátum posledného výskytu Cena s účinnosťou od Typ jednotky Koha
        Kúpa Mestská knižnica Giraltovce Mestská knižnica Giraltovce 2019-11-29 10.00 14303 I 0343 2019-11-29 2019-11-29 Krásna literatúra pre dospelých

Powered by Koha